000 01881cam a22004817a 4500
003 CHAP
005 20220329142828.0
008 040531s2004 mx d r 00010 spa d
010 _a88369
011 _a89341
035 _a99892
040 _cCHAP
090 _aTesis
100 0 0 _aEspinosa Mendoza, Luis Manuel.
_937961
245 1 0 _aControl de Trialeurodes vaporariorum mediante el uso de extractos de Petiveria alliacea L. en jitomate hidropónico bajo invernadero
_c/por Luis Manuel Espinosa Mendoza
260 _aChapingo, Méx. :
_bEl autor,
_c2004
300 _a57 h. :
_bgráfs. ; cuadros
502 _aTesis (M. C. en Protección Vegetal) -- UACH. Departamento de Parasitología Agrícola
530 _aTambién disponible en línea
590 _aALEPH
_b10
_c20130110
_lUCH01
_h1458
590 _aBATCH-UPD
_b10
_c20130110
_lUCH01
_h0253
590 _aBATCH-UPD
_b10
_c20130110
_lUCH01
_h1339
590 _aBATCH-UPD
_b10
_c20130410
_lUCH01
_h1353
590 _aBATCH-UPD
_b10
_c20130914
_lUCH01
_h1042
590 _aBATCH-UPD
_b10
_c20140324
_lUCH01
_h1444
590 _aBATCH-UPD
_b10
_c20141002
_lUCH01
_h0822
590 _aCONVERSION
_b10
_c20130109
_lUCH01
_h1349
650 1 4 _aControl de plagas.
_927595
650 1 4 _aCultivos en invernadero.
_930376
650 1 4 _aExtractos vegetales.
_939214
650 1 4 _aHidroponía.
_955280
650 1 4 _aInsecticidas biológicos.
_958883
650 1 4 _aInsecticidas
_xEfecto en plagas.
_958870
650 1 4 _aPetiveria alliacea.
_987639
650 1 4 _aTomate
_xPlagas.
_9113748
650 1 4 _aTrialeurodes vaporariorum.
_9114900
856 _3Finding aid
_uhttp://10.13.5.2/tesis/99892.pdf
_zTeclea aqui
901 _aBK
905 _aMarco A. Mendoza T.
942 _cFOLL
949 _aTesis
_bBC
_cTES
_d33724000910055
_eTS2
_fc.2
_gDonaciØn
_h41986
_i99892
_sb
949 _aTesis
_bBC
_cTES
_d998921
_eTS1
_gDonaciØn
_h41985
_i99892
_sb
999 _c88369
_d88369